|
|
|
|
| LEADER |
01080nam a2200253 a 4500 |
| 001 |
000609563 |
| 003 |
CZ BrMZK |
| 005 |
20200115131745.0 |
| 007 |
ta |
| 008 |
020709s1973 xr f cze d |
| 040 |
|
|
|a BOA001
|b cze
|c BOA001
|
| 100 |
1 |
|
|a Šrámek, Miroslav
|7 jk01130996
|4 ill
|4 aut
|
| 245 |
1 |
0 |
|a Cirkus :
|b 8 aršíků barevné plastické vystřihovánky cirkusu : (šapitó, zvěřinec, stáje, maringotky, klece se zvířaty) /
|c Miroslav Šrámek ; textem a verši doprovází Markéta Zinnerová
|
| 250 |
|
|
|a 1. vyd.
|
| 260 |
|
|
|a Praha :
|b Albatros,
|c 1973
|
| 300 |
|
|
|a [10] l. :
|b il.
|
| 490 |
1 |
|
|a Plastické vystřihovánky. Studio
|
| 700 |
1 |
|
|a Zinnerová, Markéta,
|d 1942-
|7 jk01152694
|4 aut
|
| 830 |
|
0 |
|a Plastické vystřihovánky. Studio
|
| 910 |
|
|
|a BOA001
|b PK-N-0015.970
|b X2-0711.129
|
| 964 |
|
|
|a Vystřihovánky plastické - cirkusy
|
| 990 |
|
|
|a BK
|
| 996 |
6 |
|
|b 2618981597
|c X2-0711.129
|l MZK
|r Sklad / do 24 hodin
|n 0
|w 000609563
|u 000020
|a 1
|e BOA001
|j MZK50
|s P
|
| 996 |
7 |
|
|b 3119838196
|c PK-N-0015.970
|l MZK
|r Sklad / do 1 hodiny
|n 4
|w 000609563
|u 000010
|a 1
|e BOA001
|j MZK50
|s A
|